000 00492nam a22001577a 4500
005 20241011135641.0
008 241011b |||||||| |||| 00| 0 eng d
020 _a9781398831391
082 _aDC 293.13 N81 2023
240 _aThe myths and mythology collection.
245 _aNorse mythology.
260 _aLondon :
_bArcturus Publishing Limited,
_c©2023.
300 _a256 pages :
_billustrations ;
_c19 cm.
650 0 _aMythology, Norse
_xJuvenile literature.
_962842
942 _2ddc
_cDC
999 _c22472
_d22472